[Event "Hastings 9192"]
[Site "Hastings"]
[Date "1991.??.??"]
[Round "7"]
[White "Suetin, Alexey S"]
[Black "Chandler, Murray G"]
[Result "1/2-1/2"]
[WhiteElo "2405"]
[BlackElo "2605"]
[Annotator "Ribli,Z"]
[PlyCount "66"]
[EventDate "1991.12.??"]
[EventType "tourn"]
[EventRounds "14"]
[EventCountry "ENG"]
[EventCategory "14"]
[SourceTitle "CBM 027"]
[Source "ChessBase"]
[SourceDate "1992.04.01"]
[SourceVersion "1"]
[SourceVersionDate "1992.04.01"]
[SourceQuality "1"]

1. c4 c5 2. Nc3 Nf6 3. g3 d5 4. cxd5 Nxd5 5. Bg2 Nc7 6. d3 e5 (6... Qd7 7. Be3
e5 8. Rc1 Nc6 9. Nf3 f6 10. Nd2 Rb8 11. O-O b6 12. f4 Bb7 13. Qa4 Bd6 14. Nc4
O-O 15. fxe5 Bxe5 16. Nxe5 Nxe5 17. Qxd7 Nxd7 18. Ne4 Nd5 19. Bd2 Ne5 20. a3
Rbd8 21. b4 $14 {Ye Rongguang-Mascarinas,R Bacolod 1991 EXP/23}) 7. Be3 (7. Qb3
Nc6 8. Bxc6+ bxc6 9. Nf3 f6 10. O-O Be7 11. Be3 Ne6 12. Rfc1 Nd4 13. Bxd4 cxd4
14. Ne4 Qd5 15. Qc4 Bd7 16. Nc5 $16 {San Segundo,P-Henley,R New York op 1990
EXP/16}) 7... Be7 8. Qb3 (8. Rc1 Ne6 9. Nf3 Nc6 10. Na4 Qa5+ 11. Nd2 Ned4 12.
b3 O-O 13. O-O Bg4 $10 {Karpov,An-Sokolov,A Bugojno 1986 41/(45)}) 8... Nd7 9.
Nf3 O-O 10. O-O Rb8 11. Rac1 b6 12. Nd2 Nf6 13. Nde4 Be6 14. Nxf6+ Bxf6 15. Qa4
a5 16. a3 Be7 17. f4 exf4 18. Bxf4 Bg5 19. Qc6 (19. Bxg5 Qxg5 20. b4 $13) 19...
Bxf4 20. Rxf4 Qe7 21. Rcf1 h6 22. h4 Rfd8 23. Qe4 Rd7 24. Qc6 b5 25. R4f2 c4
26. dxc4 bxc4 27. e4 $1 Qd6 28. Qxd6 Rxd6 29. Nd5 $1 $10 Rd7 30. Rc1 Nxd5 31.
exd5 Bxd5 32. Bxd5 Rxd5 33. Rxc4 Rb7 1/2-1/2

[Event "Festival comtois 3rd"]
[Site "Belfort"]
[Date "1998.12.18"]
[Round "5"]
[White "Hauchard, Arnaud"]
[Black "Ponomariov, Ruslan"]
[Result "0-1"]
[WhiteElo "2500"]
[BlackElo "2585"]
[Annotator "Ribli,Z"]
[PlyCount "181"]
[EventDate "1998.12.14"]
[EventType "tourn"]
[EventRounds "10"]
[EventCountry "FRA"]
[EventCategory "13"]
[SourceTitle "CBM 069"]
[Source "ChessBase"]
[SourceDate "1999.04.01"]
[SourceVersion "1"]
[SourceVersionDate "1999.04.01"]
[SourceQuality "1"]

{[%mdl 4128]} 1. c4 c5 2. Nf3 Nf6 3. Nc3 Nc6 4. g3 d5 5. cxd5 {Diese
klassische Fortsetzung ist heutzutage nicht mehr so beliebt. Ribli.} (5. d4 $5)
5... Nxd5 6. Nxd5 $6 {Dieser Zug ist noch nicht so schlecht, aber Weiß kann
sich keine Hoffnungen auf Eröffnungsvorteil machen. Nach 6.Bg2!? Schwarz muß
entweder 6...Nc7 (Rubinstein-Aufbau) oder 6...e6 (Semi-Tarrasch-Variante)
spielen.} Qxd5 7. Bg2 g6 8. O-O Bg7 {[%csl Yd4,Gg7][%cal Gg7a1] Weiß hat
keinen Eröffnungsvorteil und die schwarze Stellung ist bequem. Schwarz
kontrolliert das Feld d4 stark und hat etwas Raumvorteil.} 9. d3 {Der schwarze
Dame muß jetzt oder später wegziehen, sonst bieten sich dem Weißen
verschiedene taktische Motive über die Diagonale a8-h1.} Qd6 10. Nd2 {[%cal
Gd2c4] Der weiße Springer strebt auf sein natürliches Feld c4.} (10. Bf4 e5 11.
Be3 Bd7 (11... O-O 12. Rc1 b6 13. Qa4 Bd7 14. Qh4 f6 15. Nd2 Rac8 16. Nc4 Qe7
17. Bd5+ Kh8 18. Be4 f5 19. Qxe7 Nxe7 20. Bg2 Bc6 21. a3 Bxg2 {1/2-1/2 Bricard,
E-Kirov,N/Sofia 1990/EXT 97 (21)}) 12. Rc1 b6 13. a3 Rd8 14. Nd2 Nd4 15. Ne4
Qe7 16. b4 cxb4 17. axb4 O-O 18. Rc7 Nb5 19. Rb7 Qxb4 20. Bg5 f6 21. Bd2 Qb2
22. Qb1 Qxb1 23. Rxb1 Be8 {0-1 Ebalard,M-Palac,M/FRA-chT9697 groupe B 1997/EXT
99 (28)}) (10. Be3 Bxb2 11. Rb1 Bg7 12. Qa4 (12. Nd2 $5) 12... O-O 13. Rfc1 b6
14. d4 Nxd4 15. Nxd4 cxd4 16. Bf4 e5 17. Bxa8 Bf5 18. Qxa7 Bxb1 19. Rxb1 exf4
20. Be4 d3 21. Bxd3 Bd4 22. Kg2 Qd5+ 23. f3 fxg3 24. hxg3 Bc5 {0-1 Doda,
Z-Kirov,N/Polanica Zdroj 1974/MCD (42)}) 10... b6 11. Nc4 {[%csl Gc4]} (11. a4
$5 O-O 12. a5 Ba6 $1 $11) (11. Ne4 Qd7 12. Rb1 O-O 13. a3 Bb7 14. b4 cxb4 15.
axb4 Nd4 16. Bb2 e5 17. Bxd4 exd4 18. Qb3 Rfe8 19. Rfc1 Re5 20. Rc4 Re7 21. Rc2
Rd8 22. Ra1 Bxe4 23. Bxe4 Rxe4 24. dxe4 d3 25. Rb2 dxe2 26. Re1 Qd1 27. Rb1
Qxb3 28. Rxb3 Rd1 29. Rb1 Rxb1 {0-1 Landenbergue,C-Palac,M/Cannes 1997/CBM 57
ext (29)}) 11... Qd7 12. Bd2 (12. a4 $6 O-O 13. Be3 Ba6 $1 14. Qd2 Rac8 15.
Rfc1 Rfd8 $15 16. Rab1 Qe6 17. b3 Nb4 18. Bf3 Nd5 19. Kg2 Rc7 20. Bf4 Rcd7 21.
Bh6 $6 Bxh6 22. Qxh6 Bb7 23. Ne3 Nb4 $1 24. Bxb7 Rxb7 25. Rc4 Rd4 26. Rbc1 Nc6
$1 {1/2-1/2 Krasenkov,M-Andersson,U/Malmo 1994/Inf 61/[Krasenkov,M] (56)})
12... Bb7 13. Bc3 O-O $11 (13... Bxc3 $6 14. bxc3 $14 {[%csl Yd4] Jetzt kann
Schwarz nicht wie in der Partie ...Nd4 ziehen.}) 14. a4 {Weiß sichert seine
Springerstellung auf c4 gegen ...b5.} (14. Bxg7 Kxg7 $11) 14... Nd4 {[%csl Gd4]
} 15. Bxd4 {Früher oder später muß Weiß den aktiven schwarzen Springer auf d4
nehmen.} Bxd4 {[%csl Gd4]} (15... cxd4 $6 {[%csl Rg7]}) 16. Qb3 Bxg2 17. Kxg2
Rab8 {[%cal Ra7a6,Rb6b5,Rb5c4] Schwarz bereitet den Vorstoß ...b5 am
Damenflügel vor.} 18. Nd2 {[%cal Gd2f3]} Kg7 19. Nf3 Bf6 {[%csl Gf6] Schwarz
muß den starken Läufer auf dem Brett behalten.} 20. Qb5 Qb7 (20... Qxb5 $2 21.
axb5 Rb7 (21... Bxb2 $6 22. Rxa7 $14 {[%csl Ga7,Gb5,Rb6,Yc4,Re7][%cal Gf3d2,
Gd2c4]}) 22. Ra2 $11) 21. Rab1 (21. a5 a6 $1 22. Qxb6 Qxb6 23. axb6 Rxb6 {
[%csl Rb2]}) 21... a6 $15 {Schwarz mobilisiert seine Damenflügelbauern. Mit
Unterstützung seines Läufers sorgt das für aktives Spiel.} 22. Qc4 Rfc8 {
Schwarz verteidigt den c5-Bauern und bereitet so den Zug ...b6-b5 vor.} 23.
Rfc1 e6 (23... b5) 24. b3 b5 25. axb5 axb5 26. Qf4 Qd5 {[%csl Rb3,Gd5,Gf6]
[%cal Gb8a8,Ga8a2]} 27. Kg1 {Weiß hat eine feste, aber passive Stellung ohne
besondere Hoffnungen auf aktives Gegenspiel.} h6 28. Rc2 b4 {[%csl Yc3][%cal
Gf6c3]} 29. Nd2 {[%cal Gd2c4]} Be5 30. Qc4 (30. Qf3) (30. Qe3) 30... f5 $5 (
30... Qxc4 31. Nxc4 {[%csl Gc4]} Bc3 32. Ra2 Ra8) 31. Rbc1 Bc3 32. Qxd5 (32.
Rb1 $15) 32... exd5 {Jetzt kann Weiß nicht mehr Nc4 spielen.} 33. Nb1 d4 (33...
Bd4 $2 34. e3 $16) 34. Ra2 (34. Nd2 {[%cal Gd2c4]} Bxd2 35. Rxd2 Ra8 $17) 34...
Ra8 35. Rcc2 $8 Kf6 36. Nd2 {[%cal Gd2c4]} Bxd2 $1 {Schwarz muß den früher so
aktiven Läufer abgeben, sonst spielt Weiß 37.Nc4.} 37. Rxd2 Ra3 {[%csl Rb3]}
38. Rab2 (38. Rxa3 bxa3 {[%csl Ga3,Rb3]} 39. Ra2 Ra8 $17) 38... Ra1+ 39. Kg2
Rca8 $17 {[%cal Ga8a1] Schwarz hat großen Raumvorteil, seine Türme sind aktiv
und sein König ist auch leicht zu mobilisieren.} 40. Rdc2 R8a5 41. e3 $5 {
Mit passiven Zügen kann Weiß die Stellung kaum retten, aber der Textzug
schwächt den d3-Bauern. Trotzdem ist das die einzige aktive Möglichkeit für
Weiß.} Ke5 {[%csl Ge5]} 42. Rc4 (42. exd4+ Kxd4 $17) 42... dxe3 43. fxe3 Rd1 {
[%csl Gd1,Rd3][%cal Ga5a1]} 44. d4+ $8 cxd4 45. exd4+ Rxd4 46. Re2+ (46. Rxd4
$2 Kxd4 $19 {[%csl Rb3][%cal Rd4c3]}) 46... Kd5 47. Rec2 $15 {Das Material ist
reduziert und trotz Bauernminus hat Weiß daher einige Rettungchancen.} g5 48.
Kf2 (48. Rxd4+ Kxd4 49. Rc4+ Ke3 50. Rxb4 Ra2+ 51. Kg1 $15) 48... Ra3 49. Rxd4+
Kxd4 50. Rc4+ Kd3 {[%csl Gd3]} 51. Rxb4 Ra2+ {[%cal Ra2h2]} 52. Kg1 Ke3 {
[%csl Ga2,Ge3,Rg1]} 53. Rc4 (53. Ra4 Rb2 $15 (53... Rxa4 $2 54. bxa4 Kd4 55.
Kf2 Kc5 56. Ke3 $18 {[%csl Ga4]})) 53... Kf3 {[%csl Rg1]} 54. Rc3+ Kg4 {
[%cal Rg4h3]} 55. h4 $8 gxh4 56. gxh4 Kxh4 {Schwarz hat einen Bauern mehr,
aber auch mit zwei Bauern mehr kann Schwarz kaum gewinnen, denn gegen f- und
h-Bauern kann man im Turmendspiel theoretisch das Remis halten.} (56... f4) 57.
Rc6 h5 58. b4 Rb2 {[%csl Gb2]} 59. Rb6 {Weiß verteidigt natürlich seinen
b-Bauern, aber dessen Verteidigung ist nicht so einfach. Er wird ihn bald
abgeben müssen.} f4 60. b5 Kg3 {[%csl Rg1][%cal Rb2b1,Rb1g1] Der weiße König
steht passiv, aber im folgenden Endspiel kann er die ideale
Verteidigungsstellung einnehmen.} 61. Rg6+ Kf3 62. Rb6 Rb1+ 63. Kh2 {[%csl Gh2]
Der weiße König muß in der h-Linie stehen und der weiße Turm kann dann von der
langen Seite kommen. Die Stellung ist theoretisch bereits remis, aber Weiß muß
sich genau verteidigen, d.h., Scharz hat in der praktischen Partie noch gute
Gewinnchancen.} Kf2 {Ein ähnliches Endspiel finden wir in einer Partie
Petrosian,T. - Karpov,A. UdSSR 1976 (Weiß: Kf6, Rc8, Pf5, h3 - Schwarz: Kh7,
Rc1, Pc3 und Weiß am 42.Zug).} 64. Rb8 (64. Rf6 f3 65. Ra6 $11) 64... f3 65. b6
{In Wirklichkeit ist der weiße b-Bauer nicht von großer Bedeutung. Weiß muß
ihn im richtigen Moment aufgeben und eine theoretische Remisstellung gegen f-
und h-Bauern anstreben.} (65. Ra8 $11) 65... Rb4 (65... Kf1 66. b7 Rb2+ $5 (
66... f2 67. Ra8 $11) 67. Kh1 f2 68. Ra8 (68. Kh2) 68... Ke2 (68... Rxb7 69.
Ra1+ $11) 69. Re8+ Kf3 70. Rf8+ Kg3 71. Rg8+ Kh3 (71... Kh4 72. Kg2 $11) 72.
Rg3+ $3 Kxg3 (72... Kh4 73. Rf3 $11) 73. b8=Q+ Rxb8 $11 {[#]}) 66. Kh3 Kg1 67.
Rg8+ Kf1 68. Rb8 $2 {Weiß verteidigt seinen Bauern, aber der Turm steht passiv
auf b8.} (68. Ra8 Rxb6 (68... Rb2 69. b7) 69. Ra1+ Ke2 70. Ra2+ Ke3 71. Ra3+
Kf4 72. Ra4+ Kg5 73. Ra5+ Kg6 74. Kg3 Rf6 75. Kf2 $11) 68... f2 $1 69. b7 (69.
Ra8 Kg1 $19) (69. Kh2 Rh4+ 70. Kg3 Rg4+ 71. Kh2 Rg2+ 72. Kh1 (72. Kh3 Kg1 $19)
72... Ke2 $1 73. Re8+ Kf3 74. Rf8+ Kg3 75. Rg8+ Kh3 $19) 69... Kg1 {[%cal
Rf2f1]} 70. Rg8+ Kh1 71. Rf8 Rb3+ {[%csl Rh3]} 72. Kh4 Kg2 {Das ist die
bekannte "Lasker-Treppe".} 73. Rg8+ Kh2 74. Rf8 Rb4+ 75. Kxh5 Kg3 76. Rg8+ (76.
b8=Q+ Rxb8 77. Rxb8 f1=Q $19) 76... Kh3 77. Rf8 Rb5+ 78. Kh6 Kg3 79. b8=Q+ (79.
Rg8+ Kh4 80. Rf8 Rb6+ $19 {Und Schwarz nimmt den b7-Bauern mit Schach.}) 79...
Rxb8 80. Rxb8 f1=Q {Das Endspiel ist theoretisch leicht gewonnen für Schwarz.}
81. Rg8+ Kh4 82. Rg6 Qf7 $6 (82... Qf4+ $5) 83. Rg4+ $5 Kh3 (83... Kxg4 $4 $11)
84. Rg6 Qe7 85. Rg5 (85. Kh5 Qh4#) 85... Kh4 86. Rg6 Qe5 {[%cal Re5h8]} 87. Kh7
(87. Rg7 Qf6+ 88. Kh7 Kh5 $19) 87... Kh5 88. Rh6+ Kg5 89. Rg6+ Kf5 90. Rg7 Kf6
91. Ra7 {und Weiß gab gleichzeitig auf, denn er verliert den Turm.} (91. Kh8
Qh2+ 92. Kg8 Qh5 $1 {Diese Zugzwangstellung ist bereits seit 1777 bekannt, als
der Franzose Philidor dieses Endspiel analysierte.} 93. Ra7 Qd5+ 94. Kh8 Qh1+
95. Kg8 Qg1+ $19 {[%cal Rg1g8,Rg1a7]}) (91. Ra7 Qh2+ 92. Kg8 Qg1+ $19 {[%cal
Rg1g8,Rg1a7]}) 0-1

[Event "SUI-GER m"]
[Site "Zuerich"]
[Date "2002.09.07"]
[Round "1"]
[White "Kortschnoj, Viktor Lvovich"]
[Black "Lutz, Christopher"]
[Result "1/2-1/2"]
[WhiteElo "2626"]
[BlackElo "2655"]
[Annotator "Ribli,Z"]
[PlyCount "91"]
[EventDate "2002.09.07"]
[EventType "match"]
[EventRounds "2"]
[EventCountry "SUI"]
[SourceTitle "CBM 091"]
[Source "ChessBase"]
[SourceDate "2002.11.12"]
[SourceVersion "1"]
[SourceVersionDate "2002.11.12"]
[SourceQuality "1"]

1. c4 Nf6 2. Nc3 c5 3. Nf3 e6 4. e4 Nc6 5. Be2 d5 6. exd5 exd5 7. d4 {In
dieser symmetrischen Stellung hat Weiß ein Tempo mehr. Schwarz ist in der Nähe
des Ausgleichs, aber er muss vorsichtig sein.} Be6 (7... Be7) 8. cxd5 {Diese
Fortsetzung ist weniger gefährlich für Schwarz. Die Alternativen 8.0-0 dxc4 9.
Be3, oder 8.Be3 kommen in Betracht.} (8. O-O $5) 8... Nxd5 9. O-O Be7 (9...
Nxc3 10. bxc3 Be7 11. Be3 (11. Rb1 $5) 11... cxd4 12. Nxd4 Nxd4 13. Bxd4 O-O
14. Bf3 Bd5 15. Re1 Re8 16. g3 Bxf3 17. Qxf3 b6 18. Rad1 Qc8 19. Re5 Bf8 {
1/2-1/2 Istratescu,A-Bagaturov,G/Patras 2001/CBM 83 ext (29)}) 10. dxc5 (10.
Ne4 cxd4 11. Nxd4 Nxd4 12. Qxd4 O-O 13. Nc5 Nf4 $1 (13... Bxc5 14. Qxc5 Qb6 15.
Qxb6 Nxb6 16. Rd1 Rfd8 17. Be3 {1-0 Kalevic,S-Urosevic,M/Herceg Novi 2001/CBM
81 ext (49)}) 14. Qxf4 Bxc5 15. Be3 Bxe3 16. Qxe3 Re8 17. Rfd1 {1/2-1/2 Bezold,
M-Hellsten,J/Bermuda 1997/CBM 58 (17)}) (10. Nxd5 Qxd5 (10... Bxd5 11. dxc5
Bxc5 12. Bg5 f6 $6 (12... Be7 13. Bxe7 Nxe7 14. Qa4+ Bc6 $11) 13. Qc2 Qb6 14.
Rad1 $1 {1-0 Prokopchuk,E-Brodsky,M/Perm 1997/CBM 58/[Ribli] (58)}) 11. Be3
cxd4 12. Nxd4 Nxd4 13. Qxd4 Qxd4 14. Bxd4 O-O 15. Bf3 Rfd8 16. Rfd1 Bd5 17.
Bxd5 Rxd5 18. Be3 Rxd1+ 19. Rxd1 a6 20. Kf1 Rd8 21. Rxd8+ {1/2-1/2 Tal,
M-Dorfman,T/Marseille 1989/EXT 98 (21)}) 10... Nxc3 11. bxc3 Qxd1 (11... Bxc5
12. Qc2 h6 13. Rb1 Qc7 14. Qe4 O-O-O 15. Bf4 Bd6 16. Bxd6 Rxd6 17. Nd4 Nxd4 18.
cxd4 Kb8 19. Rfc1 Bd5 20. Rxc7 Bxe4 21. Rbc1 Bd5 22. Bf3 Bxf3 23. gxf3 Rf8 24.
Re7 Rxd4 25. Rcc7 Rb4 {1/2-1/2 Drei,A-Pernigotti,C/Genoa 2001/EXT 2002 (45)})
12. Rxd1 Bxc5 13. Rb1 {[%cal Gb1b7] Schwarz hat eine gesunde Bauernstruktur,
weil die weißen Bauern am Damenflügel schwach sind - aber Weiß hat aktives
Figurenspiel.} O-O (13... Bb6 $5) 14. Rxb7 Bxa2 $13 {Schwarz hat einen
entfernten Bauern auf a7, aber die weißen Figuren sind aktiv.} 15. Rb5 Be7 (
15... Bb6 16. c4 $14) 16. c4 {[%cal Rd1d2,Rd2a2] Droht 17.Rd2 - Schwarz muss
vorsichtig sein, sonst befindet sich sein Ba2 in großer Not.} Rfd8 $1 17. Rxd8+
Rxd8 18. Be3 a5 $1 {[%csl Ga5] Endlich Schwarz mobilisiert seinen Bauern.} 19.
Rb6 (19. Nd2 Bb4) 19... Rc8 20. Nd2 Ne5 21. c5 {[%csl Gc5]} Bd5 (21... a4 $5
$11) 22. Rb5 Nd7 $1 {[%mdl 256] Dieser Zug ist eigentlich ein Bauernopfer -
Schwarz verteidigt sich gut.} (22... Nc6 23. Nc4 $14) 23. Bg4 {[%cal Gg4c8]}
Rc7 24. Bxd7 (24. Bf4 Ra7 25. Bxd7 Rxd7 26. Rxa5 {Ähnliche Stellungen haben
wir nach der Partiefortsetzung 24.Bxd7.}) 24... Rxd7 25. Rxa5 {[%mdl 4096]} f6
$14 {[%cal Gg8f7] [#]In dieser Stellung hält das Läuferpaar den weißen
Mehrbauern im Zaum. Der weiße Mehrbauer auf der c-Linie ist nicht zu verwerten.
} 26. g3 Kf7 27. Kf1 g5 28. Ke2 Bc6 {Der c5P ist blockiert - 29.Ra6?? geht
nicht wegen 29...Bb5+.} (28... h5 $14) 29. Nb3 {[%cal Gb3d4]} Bd8 30. Ra3 Bb5+
31. Ke1 Be7 32. Nd4 Bc4 33. Ra5 (33. Ra4 $5 Bd5 $14) 33... Rc7 34. Nf5 (34. c6
$2 Bb4+ 35. Bd2 Bxa5 36. Bxa5 $17) 34... Bf8 35. h4 Be6 (35... h6 36. h5 $16)
36. Nd6+ Bxd6 37. cxd6 Rd7 38. Bc5 (38. hxg5 Rxd6 (38... fxg5 $14) 39. gxf6
Kxf6 $14 {Weiß hat einen Bauern mehr, aber wegen des reduziertes Material kann
er seinen Materialvorteil nicht verwerten.}) 38... gxh4 39. gxh4 Rb7 {[%cal
Gb7b1] Es gibt ungleichfarbige Laufer auf dem Brett und das Material ist
reduziert - der weiße Mehrbauern hat keine Bedeutung.} 40. Kd2 Bd7 41. Ra3 Rb2+
42. Kc3 Rb1 43. Kc2 Re1 $1 (43... Rh1 $2 44. Re3 Be6 45. d7 Bxd7 46. Re7+ $18)
44. Rf3 {[%cal Gc5d4,Gd4f6]} (44. Ra7 Ke6 $11) 44... Re4 45. Kb2 Ke6 $11 (45...
Rxh4 $6 46. Re3) 46. Re3 (46. h5 Re5 $11) 1/2-1/2

[Event "Elenite"]
[Site "Elenite"]
[Date "1993.??.??"]
[Round "2"]
[White "Georgiev, Kiril"]
[Black "Granda Zuniga, Julio E"]
[Result "1-0"]
[WhiteElo "2660"]
[BlackElo "2605"]
[Annotator "Ribli,Z"]
[PlyCount "83"]
[EventDate "1993.??.??"]
[EventType "tourn"]
[EventRounds "11"]
[EventCountry "BUL"]
[EventCategory "14"]
[SourceTitle "CBM 038"]
[Source "ChessBase"]
[SourceDate "1994.02.01"]
[SourceVersion "1"]
[SourceVersionDate "1994.02.01"]
[SourceQuality "1"]

1. c4 c5 2. Nf3 Nc6 3. Nc3 Nf6 4. g3 d5 5. cxd5 Nxd5 6. Bg2 Nb6 $6 (6... Nc7 $5
) (6... g6 $5) 7. O-O e5 8. b3 $5 Be7 9. Bb2 Be6 10. Rc1 O-O 11. d3 (11. Ne4 $6
Nd7 $13) 11... Rc8 12. Nd2 Nd5 $6 (12... Nd7 13. Nd5 $14) 13. Nxd5 Bxd5 14. Bh3
$1 Rc7 15. e4 Be6 16. Bxe6 fxe6 17. Qg4 Rf6 (17... Qxd3 18. Qxe6+ Kh8 19. Bxe5
(19. Nc4 $5) 19... Nxe5 20. Qxe5 Bd6 21. Qd5 $16) 18. Nc4 Rg6 (18... Qxd3 $2
19. Nxe5 Nxe5 20. Bxe5 Rg6 21. Rfd1 Rxg4 22. Rxd3 Rc8 23. f3 Rg6 24. Rd7 $18)
19. Qe2 Bd6 20. Kg2 Rf7 21. h4 Bc7 22. h5 Rgf6 23. Ne3 b6 24. a3 a5 25. Bc3 Rd7
26. Rfd1 Rf8 27. h6 g6 (27... gxh6 28. Qg4+ $16) 28. b4 axb4 29. axb4 Bd6 (
29... cxb4 30. Bb2 Nd4 31. Bxd4 exd4 32. Ng4 $44) 30. b5 Nd4 31. Bxd4 exd4 32.
Nc4 Rdf7 33. Rf1 Bf4 34. Ra1 $1 (34. gxf4 $2 Rxf4 $44) 34... Bxh6 35. Qg4 Re8
36. Ra6 Rb7 37. Rfa1 $44 Qd7 38. Nxb6 Qxb5 39. Nc4 Bf8 40. Rxe6 Qd7 (40... Rxe6
41. Qxe6+ Kg7 42. Qe5+ Kg8 43. Ra8 $18) 41. Raa6 Qc8 42. Rac6 1-0